Pathophysiology (Record no. 695)

MARC details
000 -LEADER
fixed length control field 00929pam a2200277 a 4500
001 - CONTROL NUMBER
control field 1598734
003 - CONTROL NUMBER IDENTIFIER
control field OSt
005 - DATE AND TIME OF LATEST TRANSACTION
control field 20231018083912.0
008 - FIXED-LENGTH DATA ELEMENTS--GENERAL INFORMATION
fixed length control field 941006s1995 paua b 001 0 eng c
010 ## - LIBRARY OF CONGRESS CONTROL NUMBER
LC control number 94040504
020 ## - INTERNATIONAL STANDARD BOOK NUMBER
International Standard Book Number 0397551002 (pbk. : acid-free paper)
040 ## - CATALOGING SOURCE
Original cataloging agency DNLM/DLC
Transcribing agency DLC
Modifying agency DLC
050 00 - LIBRARY OF CONGRESS CALL NUMBER
Classification number RB113
Item number .P357 1995
060 00 - NATIONAL LIBRARY OF MEDICINE CALL NUMBER
Classification number QZ 18 P2974 1995
082 00 - DEWEY DECIMAL CLASSIFICATION NUMBER
Classification number QZ 18 P273l 1995
Edition number 20
100 ## - MAIN ENTRY--PERSONAL NAME
Personal name Edited by Catherine, Paradiso.
9 (RLIN) 16778
245 00 - TITLE STATEMENT
Title Pathophysiology
260 ## - PUBLICATION, DISTRIBUTION, ETC. (IMPRINT)
Place of publication, distribution, etc. Philadelphia :
Name of publisher, distributor, etc. J.B. Lippincott,
Date of publication, distribution, etc. c1995.
300 ## - PHYSICAL DESCRIPTION
Extent xiv, 416 p. :
Other physical details ill. ;
Dimensions 24 cm.
440 #0 - SERIES STATEMENT/ADDED ENTRY--TITLE
Title Lippincott's review series
9 (RLIN) 1829
504 ## - BIBLIOGRAPHY, ETC. NOTE
Bibliography, etc Includes bibliographical references and index.
650 #0 - SUBJECT ADDED ENTRY--TOPICAL TERM
Topical term or geographic name as entry element MCQS Pathophysiology
9 (RLIN) 1830
906 ## - LOCAL DATA ELEMENT F, LDF (RLIN)
a 7
b cbc
c orignew
d 1
e ocip
f 19
g y-gencatlg
942 ## - ADDED ENTRY ELEMENTS (KOHA)
Source of classification or shelving scheme Other/Generic Classification Scheme
Koha item type Short Loan
Holdings
Withdrawn status Lost status Source of classification or shelving scheme Damaged status Not for loan Home library Current library Date acquired Source of acquisition Inventory number Total Checkouts Full call number Barcode Date last seen Koha item type
    Other/Generic Classification Scheme     MUST Main Library MUST Main Library 05/11/2014 Donation 01/15604   QZ 18 P273l 1995 2014-3292 05/11/2014 Short Loan